| 000 | 00902nam a2200241 a 4500 | ||
|---|---|---|---|
| 001 | BRCA_115 | ||
| 005 | 20190320202902.0 | ||
| 008 | 931204s1992 mx-c---###---#000-0#spa-d | ||
| 040 |
_aNjPT _cNjPT _dDLC |
||
| 041 | _aspa | ||
| 044 | _amx | ||
| 050 | 4 |
_aBX4705.P3 _b.M57 1992 |
|
| 100 | 1 |
_aArteaga y Falguera, Cristina de la Cruz de _9448 |
|
| 245 | 1 | 0 |
_aUna mitra sobre dos mundos _bla de don Juan de Palafox y Mendoza, Obispo de Puebla de los Angeles y de Osma _cCristina de la Cruz de Arteaga y Falguera. |
| 260 |
_aPuebla _bGobierno del Estado de Puebla, Comisión Puebla V Centenario _c[1992] |
||
| 300 |
_aviii, 640 p. _bil. _c23 cm. |
||
| 504 | _aBibliografía: p. 625-640 | ||
| 600 | 1 | 4 |
_aPalafox y Mendoza, Juan de _d1600-1659 _9449 |
| 610 | 2 | 4 |
_aJesuitas _vBiografías _zMéxico _9450 |
| 610 | 2 | 4 |
_aIglesia católica _xObispos _9451 |
| 651 | 4 |
_aMéxico _xIglesia _ySiglo XVII _9452 |
|
| 942 |
_2lcc _cB |
||
| 999 |
_c100 _d100 |
||